Полупроводниковые материалы: учебное пособие для вузов

Бібліографічні деталі
Автор: Коновалов О. М. Олег Михайлович
Мова:Російська
Опубліковано: Харьков, Изд-во Харьковского ун-та, 1963
Предмети:
Формат: Книга
KOHA link:https://koha.lib.tpu.ru/cgi-bin/koha/opac-detail.pl?biblionumber=303470

MARC

LEADER 00000nam0a2200000 4500
001 303470
005 20231102001615.0
035 |a (RuTPU)RU\TPU\book\328693 
090 |a 303470 
100 |a 20150902d1963 m y0rusy50 ca 
101 0 |a rus 
102 |a UA 
105 |a a j 001zy 
200 1 |a Полупроводниковые материалы  |e учебное пособие для вузов  |f О. М. Коновалов 
210 |a Харьков  |c Изд-во Харьковского ун-та  |d 1963 
215 |a 212 с.  |c ил. 
320 |a Библиогр.: с. 208. 
606 1 |a Полупроводниковые материалы  |x Параметры  |x Измерение  |2 stltpush  |3 (RuTPU)RU\TPU\subj\50665  |9 69316 
610 1 |a реальные кристаллы 
610 1 |a германий 
610 1 |a кремний 
610 1 |a технология 
610 1 |a параметры 
610 1 |a учебные пособия 
675 |a 621.315.592(075.8)  |v 3 
700 1 |a Коновалов  |b О. М.  |g Олег Михайлович 
801 1 |a RU  |b 63413507  |c 20150902 
801 2 |a RU  |b 63413507  |c 20210305  |g RCR 
942 |c BK